| 000 | 01007cam a2200265 a 4500 | ||
|---|---|---|---|
| 001 | 4980624 | ||
| 005 | 20240130040232.0 | ||
| 008 | 980618s1998 enka b 001 0 eng | ||
| 020 | _a1856496570 | ||
| 020 | _a1856496589 (pbk.) | ||
| 040 |
_aDLC _cDLC _dDLC |
||
| 082 | 0 | 0 |
_a306.4 _221 _bGEN. |
| 100 | 1 | _aEverts, Saskia Irene. | |
| 245 | 1 | 0 |
_aGender and technology : _bempowering women, engendering development / _cSaskia Everts. |
| 260 |
_aLondon ; _aNew York : _bZed Books ; _aNew York : _bDistributed in the USA exclusively by St. Martin's Press, _c1998. |
||
| 300 | _axviii, 171 p. : | ||
| 500 | _a"Published in association with Tool Consult, Amsterdam"--Cover. | ||
| 650 | 0 | _aWomen in development. | |
| 650 | 0 | _aTechnology transfer. | |
| 650 | 0 | _aWomen-owned business enterprises | |
| 856 | 4 | 2 | _uhttp://www.loc.gov/catdir/bios/hol058/98029912.html |
| 856 | 4 | 2 | _uhttp://www.loc.gov/catdir/description/hol056/98029912.html |
| 856 | 4 | 1 | _uhttp://www.loc.gov/catdir/toc/hol052/98029912.html |
| 942 | _cL | ||
| 999 |
_c232 _d232 |
||